La iniciativa de la cuenca del Caribe: discurso del presidente Ronald Reagan ante la OEA (Fotocopia)
Պահպանված է:
| Հիմնական հեղինակ: | |
|---|---|
| Ձևաչափ: | Տեքստ |
| Հրապարակվել է: |
Washington, D.C.:
s.e.
|
| Ցուցիչներ: |
Ավելացրեք ցուցիչ
Չկան պիտակներ, Եղեք առաջինը, ով նշում է այս գրառումը!
|
MARC
| LEADER | 00000 a a2200000 04500 | ||
|---|---|---|---|
| 001 | 23589 | ||
| 003 | |||
| 040 | |||
| 090 | |a 168500 | ||
| 100 | |a Reagan, Ronald | ||
| 245 | |a La iniciativa de la cuenca del Caribe: discurso del presidente Ronald Reagan ante la OEA (Fotocopia) | ||
| 260 | |a Washington, D.C.: |b s.e. | ||
| 300 | |a 15 p. |b il. | ||
| 999 | |c 14238 |d 14238 | ||
